00936nam a2200241 a 4500001000400000003000500004005001700009008004100026040002000067100002800087245019500115250001200310260004200322300001100364650003500375650004800410650005000458700002600508700002900534942001300563999001300576952010500589808CDMR20131021135625.0130130s1965||||||||||||||||||||||||||||d aCDMRbcatcCDMR1 aBastian, George C.963410aEditing the day's newsb: an introduction to newspaper copyediting, headline writing, ilustration, makeup, and small magazine productioncGeorge C. Bastian, Leland D. Case, Floyd K. Baskette a4th ed. aNew Yorkc1965bThe Macmillan Company a373 p.049311aEmpreses periodístiques0493098aDiarisxCompaginació i composició0493781aRevistesxCompaginació i composició1 94151aCase, Leland D.1 94152aBaskette, Floyd K. cMON2udc c808d808 00104070aCDMRbCDMRd2013-01-16l1oDo /26pCDMR13108631r2013-09-23s2013-09-19w2013-01-16yMON